| 000 | 00928nam a2200289 a 4500 | ||
|---|---|---|---|
| 001 | 000024524 | ||
| 003 | DO-SdBNP | ||
| 005 | 20221019102509.0 | ||
| 007 | ta | ||
| 008 | 110128s1999 dr r 001 0 spa d | ||
| 020 | _a8495188066 | ||
| 040 |
_aDO-SdBNP _bspa _cBNPHU |
||
| 082 |
_axxx _bM219d |
||
| 245 | 1 | 0 |
_aDinámicas de grupos : _bhaciendo el trabajo comunitario más divertido y profundo, con la participación de todos y todas |
| 250 | _a3a ed. | ||
| 260 |
_aSanto Domingo : _bCentro Cultural Poveda,, _c1999. |
||
| 300 |
_a35 p. ; _c28 cm. |
||
| 490 | 1 | _aSerie cuadernos de padres y madres | |
| 590 | _aInventariado, 2022 / DG | ||
| 650 | 4 |
_aDinámica de grupo _96432 |
|
| 650 | 4 |
_aTrabajo social de grupo _981523 |
|
| 650 | 4 |
_aTrabajo en grupos (Educación) _948756 |
|
| 700 | 1 |
_aMartínez, Ubaldo, _etr. _950254 |
|
| 830 | 0 |
_aSerie cuadernos de padres y madres _950255 |
|
| 910 | _aDG | ||
| 942 |
_2ddc _cLF2 |
||
| 999 |
_c51613 _d51613 |
||